• 首页
  • 本馆介绍
  • 公告通知
  • 最新文献
  • 馆藏检索
  • 电子资源
  • 读者导购
  • 参考咨询
  • 我的图书馆
  • 登录
  • 详细信息显示
  • 放入我的书架
  • 预约/预借图书
  • 作者相关作品
  • 分类相关作品
  • 丛书相关作品
  • 出版社相关作品

书目信息

  • 表格格式
  • 工作单格式
  • 卡片格式
题名:
无机及分析化学实验
    
 
作者: 龚银香 , 童金强 主编
分册:  
出版信息: 北京   化学工业出版社  2018重印
页数: 198页
开本: 26cm
丛书名:
单 册:
中图分类: O61-33 , O652.1-33
科图分类:
主题词: 无机化学--wu ji hua xue--化学实验--高等教育--教材 , 分析化学--fen xi hua xue--化学实验--高等教育--教材
电子资源:
ISBN: 978-7-122-29923-9
000 01109nam0 2200313 45
001 012001000269
005 20191108093350.90
010    @a978-7-122-29923-9@dCNY32.00
099    @aCAL 012017121185
100    @a20170727d2017 em y0chiy50 ea
101 0  @achi
102    @aCN@b110000
105    @aak a 000yy
106    @ar
200 1  @a无机及分析化学实验@Awu ji ji fen xi hua xue shi yan@f龚银香, 童金强主编
205    @a第2版
210    @a北京@c化学工业出版社@d2018重印
215    @a198页@c图@d26cm
300    @a普通高等教育“十三五”规划教材
320    @a有书目
330    @a本书共分7章,包括化学实验基础知识和基本操作技术、物质的制备及基本性质实验、元素化学实验、定量分析实验、常数测定实验、综合及设计性实验、现代仪器分析实验和附录等。
606 0  @a无机化学@Awu ji hua xue@x化学实验@x高等教育@j教材
606 0  @a分析化学@Afen xi hua xue@x化学实验@x高等教育@j教材
690    @aO61-33@v4
690    @aO652.1-33@v4
701  0 @a龚银香@Agong yin xiang@4主编
701  0 @a童金强@Atong jin qiang@4主编
801  0 @aCN@b北京卓展文化@c20191020
905    @b1200147-50@dO61-33@e216=2@f4
    
    无机及分析化学实验/龚银香, 童金强主编.-第2版.-北京:化学工业出版社,2018重印
    198页:图;26cm
    普通高等教育“十三五”规划教材
    
    ISBN 978-7-122-29923-9:CNY32.00
    本书共分7章,包括化学实验基础知识和基本操作技术、物质的制备及基本性质实验、元素化学实验、定量分析实验、常数测定实验、综合及设计性实验、现代仪器分析实验和附录等。
●
相关链接 在E读中查询图书 在五车中查询图书 在当当中查询图书 在豆瓣中查询图书


正题名:无机及分析化学实验     索取号:O61-33/216=2         预约/预借

序号 登录号 条形码 馆藏地/架位号 状态 备注
1 1200147   212001475   第二样本阅览室/ [索取号:O61-33/216=2] 在馆    
2 1200148   212001484   第三借阅区/ [索取号:O61-33/216=2] 在馆    
3 1200149   212001493   第三借阅区/ [索取号:O61-33/216=2] 在馆    
4 1200150   212001509   第三借阅区/ [索取号:O61-33/216=2] 在馆    
唐山师范学院图书馆 欢迎您!
大连网信软件有限公司© 版权所有